Countries By Founding In Their Current Form - Statistics

General Stats
  • This quiz has been taken 47 times
  • The average score is 12 of 15
Answer Stats
Hint Answer % Correct
January 8, 1959 France
96%
December 5, 1922 UK
93%
July 4, 1776 United States of America
93%
December 25, 1991 Russia
91%
October 1, 1949 China
89%
February 11, 660 BCE Japan
87%
October 3, 1990 Germany
85%
June 2, 1946 Italy
85%
September 16, 1810 Mexico
85%
July 1, 1867 Canada
80%
August 15, 1947 India
80%
December 6, 1978 Spain
67%
September 7, 1822 Brazil
61%
October 29, 1923 Turkey
57%
May 31, 1961 South Africa
41%
No matching quizzes found
Score Distribution
Percent of People with Each Score
Percentile by Number Answered
Your Score History
You have not taken this quiz